000 00675nam a2200241 a 4500
001 53697
003 BD-RjUL
005 20211209080014.0
008 161023s1955 enk||||| |||| 001 0 eng d
035 _a(BD-RjUL) 53819
040 _aBD-RjUL
_beng
_cBD-RjUL
_dBD-RjUL
041 _aeng
082 _223
_a543.22
_bMET 1955
245 1 0 _aMethods of quantitative micro-analysis /
_cR F Milton and W A Waters
250 _a2nd. ed.
260 _aLondon :
_b Arnold,
_c1955
300 _axi, 742 p. :
_bill, ;
_c24 cm.
500 _aInclude index
650 _aMicrochemistry.
_9142033
700 _aMilton, R F
_9160463
700 _aWaters, W A
_9160464
942 _2ddc
_cBK
999 _c53697
_d53697